[Event "WCC 2005"]
[Site "0:19.53-0:00.06"]
[Date "2005.11.30"]
[Round "21"]
[White "Khalifman, Alexander"]
[Black "Shulman, Yuri"]
[Result "1-0"]
[WhiteElo "2653"]
[WhiteCountry "RUS"]
[BlackElo "2565"]
[BlackCountry "USA"]
[Remark "WCC 2005 Match 029"]
[PresId "1000210029"]

1. e4 e6 2. d4 d5 3. Nc3 Bb4 4. e5 c5 5. a3 Bxc3+ 6. bxc3 Ne7 7. Qg4
cxd4 8. Qxg7 Rg8 9. Qxh7 Qc7 10. Ne2 Nbc6 11. f4 Bd7 12. Qd3 dxc3 13.
Nxc3 a6 14. Ne2 Rc8 15. Bd2 Nf5 16. Rb1 Na7 17. Nd4 Nxd4 18. Qxd4 Nb5
19. Qd3 Qxc2 20. Qxc2 Rxc2 21. a4 Nc3 22. Rxb7 Nxa4 23. g3 Bc8 24. Rb8
Kd7 25. Bd3 Rb2 26. Rb4 Rxb4 27. Bxb4 Nb2 28. Be2 Nc4 29. Kf2 Bb7 30.
Rd1 Rc8 31. Ra1 Rb8 32. Bc3 Rc8 33. Bb4 Rb8 34. Be1 Bc6 35. Ra2 Bb5
36. h4 Kc6 37. h5 Kc5 38. g4 d4 39. Rc2 Rd8 40. Bd3 Kd5 41. Bb4 a5 42.
Bxa5 Nxa5 43. Bxb5 Ke4 44. Kg3 Rb8 45. Rb2 Rc8 46. Re2+ Kd5 47. h6 Nb3
48. Bd3 Nc5 49. Rc2 Rh8 50. Bc4+ Kc6 51. g5 Ne4+ 52. Kf3 Nc3 53. Bd3
Kc5 54. h7 Kc6 55. Rb2 Kc7 56. Rb4 Nd5 57. Ra4 Kb6 58. Rxd4 Kc7 59.
Ra4 Kb6 60. Ke4 1-0
*